000 00977nam a2200289Ia 4500
001 Para_8844
003 CHAP
008 220125s2004 xx 000 0 und d
010 _a207607
040 _cCHAP
090 _aPA TESIS 1806
100 _aJimenéz Santillan, Martiniano
_961646
245 _aEcología química de Dendroctonus valens LeConte (Coleoptera :
_bScolytidae) en Atlautla Edo. de México /
_c por Martiniano Jiménez Santillán
260 _aChapingo, Méx. :
_b el autor
300 _a43 h.
502 _aTesis (Ing. Agr. Esp. en Parasitología Agrícola) -- UACh. Departamento Parasitología Agrícola
650 _aBosques
_x plagas
_914363
650 _aDendroctonus valens
_931781
710 _aUACh. Departamento Parasitología Agrícola
_9164025
901 _aPA TESIS 1806
902 _aA
905 _a0000002004 abin0000000000 00
910 _a2004
942 _cPARA
942 _cPARA
_d1
999 _c207607
_d207607